00573nam a2200169Ia 4500008004100000100001700041245009800058245001700156260005900173260000900232300001100241650001800252650001500270856002600285999001900311952007300330170221s9999 xx 000 0 und d aTendai Chari aNew Communication Technologies and Journalism Ethics in Zimbabwe: Practices and Malpractices  cTendai Chari bOnline Journal of Communication and Media Technologies c2013 a33 : 6 xCommunication xMedia Arts uhttp://www.ojcmt.net/ c311058d311058 001040aCLbCLd2017-02-21l0r2017-02-21 00:00:00w2017-02-21yFOJ